Sociedad y medios de comunicación: los Mars Media como co-educadores y agentes de cambio individual y colectivo
Պահպանված է:
| Հիմնական հեղինակ: | |
|---|---|
| Ձևաչափ: | Գիրք |
| Լեզու: | իսպաներեն |
| Հրապարակվել է: |
Mendoza
Taller Gráfico Italia
1992
|
| Խորագրեր: | |
| Ցուցիչներ: |
Ավելացրեք ցուցիչ
Չկան պիտակներ, Եղեք առաջինը, ով նշում է այս գրառումը!
|
MARC
| LEADER | 00000nam a2200000 a 4500 | ||
|---|---|---|---|
| 001 | UCW7646 | ||
| 003 | CL-VaPUC | ||
| 008 | 930608e19920000AG |||||||||||||||||spa|d | ||
| 082 | 0 | 4 | |a 371.33 |b PER |2 21 |
| 100 | 0 | |a Perea de Martínez, María Esther |e author |9 312860 | |
| 245 | 1 | 0 | |a Sociedad y medios de comunicación: los Mars Media como co-educadores y agentes de cambio individual y colectivo |
| 300 | |a 189 p | ||
| 942 | |c BK | ||
| 945 | |d 19930608 00:00:00 | ||
| 260 | |a Mendoza |b Taller Gráfico Italia |c 1992 | ||
| 650 | 0 | |a Comunicación en educación |9 308055 | |
| 650 | 0 | |a Medios de comunicación de masas |9 257273 | |
| 583 | |a last modification |c 20120606 10:21:40 |k Rodrigo Vera | ||
| 999 | |c 220347 |d 220345 | ||
| 952 | |0 0 |1 0 |4 0 |6 371_330000000000000_PER_1992 |7 0 |8 P |9 212413 |a BIBEDU |b BIBEDU |c BIBEDU_PB |d 2019-11-15 |i 2806460 |o 371.33 PER 1992 |p 2806460 |r 2024-01-25 |w 2019-11-15 |y BK |k EDU | ||